| 000 | 00931nam a22002777a 4500 | ||
|---|---|---|---|
| 003 | CHAP | ||
| 005 | 20220329140639.0 | ||
| 008 | 971013s1959 r 00010 d | ||
| 010 | _a55309 | ||
| 011 | _a56281 | ||
| 035 | _a60434 | ||
| 040 | _cCHAP | ||
| 090 | _aFolleto 623 | ||
| 100 | 0 | 0 |
_aSaucedo Portales, Rubén. _9102726 |
| 245 |
_aAsimilación de nutrientes en tejidos de caña de azúcar y el efecto de la relación K _c/ Ca sobre la asimilación del potasio |
||
| 260 |
_aVeracruz : _bInstituto Tecnológico Azucarero Veracruzano, _c1959 |
||
| 300 | _a14 p. | ||
| 590 |
_aBATCH-UPD _b10 _c20130110 _lUCH01 _h0644 |
||
| 590 |
_aBATCH-UPD _b10 _c20130410 _lUCH01 _h0328 |
||
| 590 |
_aBATCH-UPD _b10 _c20130914 _lUCH01 _h0836 |
||
| 590 |
_aCONVERSION _b10 _c20130109 _lUCH01 _h1330 |
||
| 650 | 1 | 4 |
_aCaña de azúcar _zVeracruz. _918672 |
| 901 | _aBK | ||
| 942 | _cFOLL | ||
| 949 |
_aFolleto 623 _bBC _cFOLL _d-130282 _eTS1 _i60434 _si |
||
| 999 |
_c55309 _d55309 |
||